Statistics for Pokémon drawn from memory

Click here to take the quiz!

General Stats

  • This quiz has been taken 22 times
  • The average score is 13 of 16

Answer Stats

Answer% Correct
Cubone
95%
Machamp
95%
Cleffa
90%
Froakie
85%
Buneary
80%
Hippopotas
80%
Kingdra
80%
Rhyhorn
80%
Vanillite
80%
Chinchou
75%
Drifblim
75%
Feebas
75%
Seviper
75%
Applin
70%
Magearna
70%
Gothitelle
65%

Score Distribution

Percentile by Number Answered

Percent of People with Each Score

Your Score History

You have not taken this quiz